谚语100 (Record no. 63417)

000 -LEADER
fixed length control field 00509nam a22001937a 4500
003 - CONTROL NUMBER IDENTIFIER
control field MPLRDC
005 - DATE AND TIME OF LATEST TRANSACTION
control field 20220104185635.0
008 - FIXED-LENGTH DATA ELEMENTS--GENERAL INFORMATION
fixed length control field 210129b ||||| |||| 00| 0 eng d
020 ## - INTERNATIONAL STANDARD BOOK NUMBER
International Standard Book Number 7-80052-709-3
082 ## - DEWEY DECIMAL CLASSIFICATION NUMBER
Classification number 805.35 YBY
100 ## - MAIN ENTRY--PERSONAL NAME
Personal name 尹斌庸 编著
245 ## - TITLE STATEMENT
Title 谚语100
Statement of responsibility, etc. 韩晖 翻译; 田园 绘图
250 ## - EDITION STATEMENT
Edition statement 一版六刷
260 ## - PUBLICATION, DISTRIBUTION, ETC.
Place of publication, distribution, etc. 中国
Name of publisher, distributor, etc. 华语教学出版社
Date of publication, distribution, etc. 2006
300 ## - PHYSICAL DESCRIPTION
Other physical details
490 ## - SERIES STATEMENT
Series statement 博古通今学汉语丛书
650 ## - SUBJECT ADDED ENTRY--TOPICAL TERM
Topical term or geographic name entry element 汉语教学
942 ## - ADDED ENTRY ELEMENTS (KOHA)
Koha item type Book
-- 805.35 YBY
Holdings
Withdrawn status Lost status Source of classification or shelving scheme Damaged status Not for loan Collection code Home library Current library Shelving location Date acquired Cost, normal purchase price Total Checkouts Full call number Barcode Date last seen Date last checked out Price effective from Koha item type Public note
            Malaysian Public Library, Research and Development Centre Malaysian Public Library, Research and Development Centre   20/08/2010 16.00   805.35 YBY 00057131 18/03/2021 29/04/2012 18/03/2021 Book mplrdc

© 2022. Malaysian Public Library, Research and Development Centre. All Right ReservedE-mailmplrdc@help.edu.my 

Powered by Koha